000
00373nam a2200133Ia 4500
008
151001s9999||||xx |||||||||||||| ||und||
100
_a
प्रशांत पोखरकर
245
_a
ब्लँक टायगर
250
_a
1
260
_b
पुष्प प्रकाशन पुणे
260
_c
1996
300
_a
128
365
_b
18
999
_c
973552
_d
973549